| 000 | 00573nam a22001817a 4500 | ||
|---|---|---|---|
| 999 |
_c8493 _d8493 |
||
| 008 | 201125b ||||| |||| 00| 0 eng d | ||
| 040 | _aBMS College of Architecture | ||
| 100 | _aShetty, Vaisnavi | ||
| 245 | _aJuvenile detention centre cum Government children's home Mysore | ||
| 300 | _aNA | ||
| 500 | _a1BM14AT112 | ||
| 502 |
_8B,Arch _NBMS College of Architecture, Visvesvaraya Technological University (VTU) _aProject report _d2018 |
||
| 650 | _aJuvenile | ||
| 650 | _aChildren | ||
| 700 |
_aNeetha S N _eGuide |
||
| 700 |
_aPraveen Alva _eGuide |
||
| 942 |
_2ddc _cTHE |
||